Statistics for Geography starting with G

Click here to take the quiz!

General Stats

  • This quiz has been taken 27 times
  • The average score is 8 of 10

Answer Stats

LettersClueAnswer% Correct
4City of the PyramidsGiza
100%
6Sacred river of the HindusGanges
92%
9Denmark's overseas territoryGreenland
92%
5African country that translates to the Warrior kingGhana
85%
12African nation whose capital contains part of its nameGuinea Bissau
81%
10The capital of GuyanaGeorgetown
77%
13Most populated Central American cityGuatemala City
77%
8Channel IslandGuernsey
69%
11Capital of Mexican state of JaliscoGuadalajara
62%
7Isle of SpiceGrenada
38%

Score Distribution

Percentile by Number Answered

Percent of People with Each Score

Your Score History

You have not taken this quiz